Sarmiento, pedagogo social. Las concepciones sociales en la pedagogía de Sarmiento

Saved in:
Bibliografiske detaljer
Hovedforfatter: Bravo, Héctor Félix (Author)
Format: Bog
Sprog:spansk
Udgivet: Buenos Aires EUDEBA 1965
Serier:Colección Ensayos
Fag:
Tags: Tilføj Tag
Ingen Tags, Vær først til at tagge denne postø!

MARC

LEADER 00000nam a2200000 a 4500
001 UCZ7083
003 CL-VaPUC
008 951222e19650000AG |||||||||||||||||spa|d
082 0 4 |a 306.43  |b BRA  |2 21 
100 0 |a Bravo, Héctor Félix  |e author  |9 351803 
245 1 0 |a Sarmiento, pedagogo social. Las concepciones sociales en la pedagogía de Sarmiento 
300 |a 60 p 
942 |c BK 
945 |d 19951222 00:00:00  |a cmena 
260 |a Buenos Aires  |b EUDEBA  |c 1965 
650 0 |a Filosofía de la educación   |9 258384 
650 0 |a Teoría de la educación   |9 309368 
650 0 |a Sociología de la educación   |9 260380 
650 0 |a Cultura  |9 269059 
650 0 |a Democracia  |9 255256 
650 7 |a CONCIENCIA NACIONAL  |2 CL-VaPUC  |9 338171 
583 |a last modification  |c 19951222 00:00:00  |k Rodrigo Vera 
490 0 |a Colección Ensayos 
999 |c 243206  |d 243204 
952 |0 0  |1 0  |4 0  |6 306_430000000000000_BRA_1965  |7 0  |8 P  |9 256699  |a BIBEDU  |b BIBEDU  |c BIBEDU_PB  |d 2019-11-19  |i 1608401  |o 306.43 BRA 1965  |p 1608401  |r 2024-01-25  |w 2019-11-19  |y BK  |k EDU 
952 |0 0  |1 0  |4 0  |6 306_430000000000000_BRA_1965  |7 0  |8 P  |9 256700  |a BIBEDU  |b BIBEDU  |c BIBEDU_PB  |d 2019-11-19  |i 1631314  |o 306.43 BRA 1965  |p 1631314  |r 2024-01-25  |w 2019-11-19  |y BK  |k EDU